000 02414cam a2200457 4500500
005 20260329004852.0
041 _afre
042 _adc
100 1 0 _aGrelley, Pierre
_eauthor
700 1 0 _aMinonzio, Jérôme
_eauthor
245 0 0 _aLes dispositifs d’aides aux aidantes et aux aidants
260 _c2023.
500 _a40
520 _aLongtemps considéré comme une affaire strictement familiale relevant de la sphère privée, l’investissement des proches auprès des personnes âgées ou en situation de handicap est aujourd’hui une priorité de l’agenda politique. Dans un contexte budgétaire contraint, on constate en effet, en France comme dans l’ensemble des pays européens, une (re)mobilisation des familles dans les politiques sociales et le développement de politiques dites « d’aide aux aidantes et aux aidants » qui s’adressent directement aux proches qui accompagnent leur(s) parent(s) ou enfant(s) vulnérable(s). Ces politiques s’organisent autour de trois types de mesures – mesures de compensation, de conciliation et d’accompagnement au rôle d’aidant – dont la combinaison spécifique et l’inscription dans un contexte politique préexistant nourrissent les formes du familialisme dans le pays concerné. Comment situer la France dans le contexte européen de ce point de vue ?
690 _aAEEH
690 _aaidants
690 _aaide aux aidants
690 _aAjap
690 _aAJPA
690 _aAJPP
690 _aallocation d’éducation de l’enfant handicapé
690 _aallocation journalière d’accompagnement d’une personne en fin de vie
690 _aallocation journalière de présence parentale
690 _aallocation journalière du proche aidant
690 _aallocation personnalisée d’autonomie
690 _aApa
690 _acongé
690 _acongé de présence parentale
690 _acongé de proche aidant
690 _acongé de solidarité familiale
690 _aCPA
690 _aCPP
690 _aCSF
690 _adroit du travail
690 _afiscalité
690 _aPCH
690 _aPrestation de compensation du handicap
690 _aprestations sociales
786 0 _nInformations sociales | 208 | 4 | 2023-05-03 | p. 93-98 | 0046-9459
856 4 1 _uhttps://shs.cairn.info/revue-informations-sociales-2022-4-page-93?lang=fr&redirect-ssocas=7080
999 _c1837998
_d1837998